000 00688nam a2200229 a 4500
005 20210219153448.0
008 991125n 000 0 u
035 _aUPN01000101175
100 1 _aSiraj-Blatchford, Iram
222 0 _aBRITISH EDUCATIONAL RESEARCH JOURNAL
245 0 3 _aA study of black students' perceptions of racism in initial teacher education
260 _aInglaterra
300 _a35-50
362 0 _a1991 Vol. 17, no. 1
653 0 _aACTITUDES DEL ESTUDIANTE
653 0 _aAMBIENTE EDUCATIVO
653 0 _aDISCRIMINACION ETNICA
653 0 _aPREJUICIO RACIAL
653 0 _aPROGRAMAS DE EDUCACION A MAESTROS
904 _aAC
_b038986
905 _aArticulo
999 _c77506
_d77506